| 000 | 00696nam a22001937a 4500 | ||
|---|---|---|---|
| 005 | 20180411120337.0 | ||
| 010 | _aENG-122550 | ||
| 020 |
_a9789351261551 _c500.00 |
||
| 035 | _aEN-106082 | ||
| 037 | _bDBAD/PUB. | ||
| 082 | _a332.041540954 | ||
| 100 | _aJothi, V.N. | ||
| 245 |
_aAn analysis of investment performance, preferences and opinions of : _cby V.N. Jothi _bIndian venture capitalists / |
||
| 260 |
_aTamilnadu _bThe Padmanarayan Publication _c2016 |
||
| 270 |
_a99 Krishnantha Street, Podature Pet , Thiruvallure District, _bTamilnadu _e631208 |
||
| 300 |
_a161p. _bill. _c29cm.(pbk) |
||
| 500 | _aIt includes bibliography | ||
| 942 |
_2ddc _cEN _mJOT _h332.041540954 |
||
| 999 |
_c151037 _d151037 |
||